Transition Metals - Statistics

General Stats
  • This quiz has been taken 472 times
  • The average score is 25 of 38
Answer Stats
# Answer % Correct
29 Copper
93%
26 Iron
93%
22 Titanium
93%
27 Cobalt
89%
79 Gold
87%
47 Silver
87%
30 Zinc
87%
28 Nickel
84%
21 Scandium
84%
23 Vanadium
84%
24 Chromium
82%
25 Manganese
80%
80 Mercury
77%
78 Platinum
74%
74 Tungsten
74%
46 Palladium
70%
40 Zirconium
66%
39 Yttrium
65%
76 Osmium
63%
48 Cadmium
62%
45 Rhodium
61%
42 Molybdenum
60%
43 Technetium
59%
77 Iridium
58%
41 Niobium
57%
44 Ruthenium
57%
72 Hafnium
54%
75 Rhenium
54%
104 Rutherfordium
53%
106 Seaborgium
51%
73 Tantalum
50%
107 Bohrium
45%
112 Copernicium
40%
105 Dubnium
40%
108 Hassium
40%
110 Darmstadtium
36%
109 Meitnerium
34%
111 Roentgenium
33%
No matching quizzes found
Score Distribution
Percent of People with Each Score
Percentile by Number Answered
Your Score History
You have not taken this quiz